Požiadavky a zásady návrhu heliportu
Uložené v:
| Hlavný autor: | |
|---|---|
| Ďalší autori: | |
| Médium: | Rukopis Kniha |
| Jazyk: | Slovak |
| Vydavateľské údaje: |
2022
|
| Predmet: | |
| On-line prístup: | http://is.stuba.sk/zp/portal_zp.pl?podrobnosti=155934 https://opac.crzp.sk/?fn=detailBiblioForm&sid=A68E927B0776E61A895D97111187 |
| Tagy: |
Žiadne tagy, Buďte prvý, kto otaguje tento záznam!
|
MARC
| LEADER | 00000ntm a22000003a 4500 | ||
|---|---|---|---|
| 001 | stuzp89426 | ||
| 003 | SK-STU | ||
| 005 | 20230510090454.6 | ||
| 007 | ta | ||
| 008 | 150427s2015----xo-----f-mn---000-0-slo-d | ||
| 040 | |a STU |b slo | ||
| 041 | 0 | |a slo | |
| 100 | 1 | |a Tereňová, Martina |u 010120 |4 aut |U SvF Stavebná fakulta |T SvF Katedra dopravných stavieb |X 103855 |U V120 |Y 12 |7 103855 | |
| 242 | 0 | 1 | |a Heliport design requirements |y eng |
| 245 | 1 | 0 | |a Požiadavky a zásady návrhu heliportu |
| 260 | |c 2022 | ||
| 650 | 4 | |a vrtuľník |2 slo | |
| 650 | 4 | |a FATO |2 slo | |
| 650 | 4 | |a TLOF |2 slo | |
| 650 | 4 | |a heliport |2 slo | |
| 650 | 4 | |a helicopter |2 eng | |
| 650 | 4 | |a FATO |2 eng | |
| 650 | 4 | |a TLOF |2 eng | |
| 650 | 4 | |a heliport |2 eng | |
| 700 | 1 | |a Zuzulová, Andrea |u 010120 |k Z1 |4 ths |U SvF Stavebná fakulta |T SvF Katedra dopravných stavieb |X 921 |U V120 |Y 12 |7 A000000921 | |
| 856 | 4 | |u http://is.stuba.sk/zp/portal_zp.pl?podrobnosti=155934 | |
| 856 | 4 | |u https://opac.crzp.sk/?fn=detailBiblioForm&sid=A68E927B0776E61A895D97111187 | |